Meaning and grammar : an introduction to semantics /
Enregistré dans:
| Auteur principal: | |
|---|---|
| Format: | Livre |
| Langue: | English |
| Publié: |
Cambridge, Mass :
MIT Press,
2000.
|
| Édition: | 2nd ed. |
| Sujets: | |
| Tags: |
Ajouter un tag
Pas de tags, Soyez le premier à ajouter un tag!
|
| Thư viện lưu trữ: | Mạng thư viện Đại học Đà Nẵng |
|---|
| LEADER | 00846cam a2200337 i 4500 | ||
|---|---|---|---|
| 001 | 000045485 | ||
| 003 | 4666 | ||
| 005 | 20030227161610.0 | ||
| 008 | 010320|2000 vm 000 eng | ||
| 020 | |a 026253164X | ||
| 040 | |a IRC |c IRC |d IRC | ||
| 041 | 0 | |a eng | |
| 082 | 1 | 4 | |a 401.43 |b CH-G |
| 100 | 1 | |a Chierchia, Gennaro. | |
| 245 | 0 | 0 | |a Meaning and grammar : |b an introduction to semantics / |c Gennaro Chierchia. |
| 250 | |a 2nd ed. | ||
| 260 | |a Cambridge, Mass : |b MIT Press, |c 2000. | ||
| 300 | |a xv, 573 p. | ||
| 630 | 0 | 4 | |a Semantics. |
| 650 | 0 | 4 | |a Semantics. |
| 650 | 0 | 4 | |a Semantics (Philosophy) |
| OWN | |a DUT | ||
| 999 | |a From the UDN01 | ||
| TYP | |a Monograph | ||
| TYP | |a Printed language | ||
| 980 | |a Mạng thư viện Đại học Đà Nẵng | ||


